The noble scholar, jurist, historian


 His Excellency Dr. Abdul Wahhab bin Ibrahim Abu Sulaiman, may Allah have mercy on him.


 He was born in Umm Al-Qura in the year 1356 AH.

قفو الأثر في صفو علوم الأثر / (Record no. 12255)

MARC details
000 -LEADER
fixed length control field 01463cam a22003011i 4500
003 - CONTROL NUMBER IDENTIFIER
control field SA-RiAUC
005 - DATE AND TIME OF LATEST TRANSACTION
control field 20250930131828.0
008 - FIXED-LENGTH DATA ELEMENTS--GENERAL INFORMATION
fixed length control field 250929s1989 sy g 000 0 ara c
040 ## - CATALOGING SOURCE
Original cataloging agency SA-JeALM
Language of cataloging ara
Transcribing agency SA-RiAUC
Description conventions rda
050 #4 - LIBRARY OF CONGRESS CALL NUMBER
Item number .R33 1989
082 04 - DEWEY DECIMAL CLASSIFICATION NUMBER
Classification number 230
090 ## - LOCALLY ASSIGNED LC-TYPE CALL NUMBER (OCLC); LOCAL CALL NUMBER (RLIN)
Classification number (OCLC) (R) ; Classification number, CALL (RLIN) (NR) 230
Local cutter number (OCLC) ; Book number/undivided call number, CALL (RLIN) ر ض ي
100 1# - MAIN ENTRY--PERSONAL NAME
Personal name رضي الدين ابن الحنبلي، محمد بن إبراهيم بن يوسف،
Dates associated with a name 908-971 هجري
Relator term مؤلف.
245 10 - TITLE STATEMENT
Title قفو الأثر في صفو علوم الأثر /
Statement of responsibility, etc. رضي الدين محمد بن إبراهيم الحلبي الحنفي. ويليه بلغة الأريب في مصطلح آثار الحبيب / لمحمد مرتضى الحسيني الزبيدي. اعتنى به عبدالفتاح ابو غدة
250 ## - EDITION STATEMENT
Edition statement الطبعة الثانية.
264 #1 - PRODUCTION, PUBLICATION, DISTRIBUTION, MANUFACTURE, AND COPYRIGHT NOTICE
Place of production, publication, distribution, manufacture حلب، سوريا :
Name of producer, publisher, distributor, manufacturer مكتب المطبوعات الإسلامية،
Date of production, publication, distribution, manufacture, or copyright notice 1988
300 ## - PHYSICAL DESCRIPTION
Extent 232 صفحة
Dimensions 24 سم.
336 ## - CONTENT TYPE
Content type term نص
Content type code txt
Source rdacontent
Materials specified كتاب
337 ## - MEDIA TYPE
Media type term بدون وسيط
Media type code n
Source rdamedia
338 ## - CARRIER TYPE
Carrier type term مجلد
Carrier type code nc
Source rdacarrier
650 #7 - SUBJECT ADDED ENTRY--TOPICAL TERM
Topical term or geographic name entry element علم الحديث
Source of heading or term aucsh
650 #7 - SUBJECT ADDED ENTRY--TOPICAL TERM
Topical term or geographic name entry element الحديث
General subdivision مصطلح
Source of heading or term aucsh
700 1# - ADDED ENTRY--PERSONAL NAME
Personal name مرتضى الزبيدي، محمد بن محمد بن محمد،
Dates associated with a name 1145-1205 هجري
700 ## - ADDED ENTRY--PERSONAL NAME
Personal name ابو غدة، عبدالفتاح
Relator term محقق.
740 02 - ADDED ENTRY--UNCONTROLLED RELATED/ANALYTICAL TITLE
Uncontrolled related/analytical title بلغة الأريب في مصطلح آثار الحبيب.
942 ## - ADDED ENTRY ELEMENTS (KOHA)
Source of classification or shelving scheme Dewey Decimal Classification
Koha item type Books
Suppress in OPAC No
949 ## - LOCAL PROCESSING INFORMATION (OCLC)
a SA-JeALM
d 250929
u osman123
n 1
Holdings
Withdrawn status Lost status Source of classification or shelving scheme Damaged status Not for loan Home library Current library Date acquired Total checkouts Full call number Barcode Date last seen Price effective from Koha item type
    Dewey Decimal Classification     DR AbdElwahab Library DR AbdElwahab Library 09/30/2025   230 ر ض ي 000019748 09/30/2025 09/30/2025 Books